02118njm a2200289Ia 4500001000600000003000900006005001700015008004100032040001300073040001300086041001300099100001100112100001800123100003800141245006000179250001100239260000900250260006900259300001700328300003000345500018400375505104100559511004501600650005301645700007501698700005501773G8740IT-RoPAU20220918181156.0131025s9999 xx 000 0 und d aIT-RoPAU cIT-RoPAU aITALIANO aAA.VV. eAutore musica gCodice autore musica SPICS: 12000 aNoel: canti natalizi tradizionali della cultura europea a1a ed. aROMA bAUDIOVISIVI PAOLINEc1997 [1a Ed.:1997 - Ed. Lingua Orig.: 1997] aMUSICASSETTA c52 minuti (Testo: 0 pag.) aMusica religiosa. 18 canti natalizi con allegati i singoli testi nella lingua originale. Registrazione Studio Regson (Milano). Copertina: Natività di Giotto. Grafica: E. Franco. aResonet in Lludibus (gregoriano latino, 1:32) - Verbum Patris (gregoriano latino, 0:52) - Gloria in cielo (laudario di Cortona XIII sec., 3:14) - Ecce quod natura (anonimo inglese XIV sec., latino, 3:12) - Riu Riuchiu (Cancionero De Uppsala XVI sec., spagnolo, 3:14) - Dadme Albricias (Cancionero De Uppsala XVI sec., spagnolo, 1:03) - Angel dal ciel disceso (Giovenale Ancina XVI sec., italiano, 3:01) - Porta Celato (F. Soto De Langa, XVI sec., italiano, 4:22) - Remember O Thou Man (Thomas Ravenscroft XVII sec., inglese, 4:06) - Es Ist Ein' Ros' Entsprungen (Michael Praetorius XVII sec., tedesco, 1:25) - O Jesulein Suss (J.S. Bach XVIII sec., tedesco, 3:14) - Il est nè le Divin Enfant (tradizionale francese, 2:19) - Quanno nascette ninno (tradizionale napoletano, 3:00) - Adeste fideles (tradizionale irlandese, latino, 2:48) - Hark the Herald (Mendelssohn-Bartholdy-Berneri, inglese, 3:55) - Noel (tradizionale inglese, 2:32) - Lulajze Jezuniu (S. Stuligrostz, 3:03) - Laudate Dominum de caelis (A. Eros Negri, latino, 7:54). aGruppo vocale "Amici Cantores" di Milano aNATALIZIO [CASSETTE]eCodice MATERIA SPICS: 9951 aAA.VV.eAutore testo e musicagCodice autore testo/musica SPICS: 12000 aAA.VV.gCodice interprete SPICS: 12000eInterprete